| 000 | 00364nam a22001577a 4500 | ||
|---|---|---|---|
| 003 | SGT | ||
| 020 | _a9789380316437 | ||
| 082 |
_a615.321 _bP15W |
||
| 100 | _aWADEKAR, RAJU.R. | ||
| 245 | _aPHARMACOGONOSY AND PHYTOCHEMISTRY-1 | ||
| 260 |
_aDELHI _bAHUJA PUB. _c2015 |
||
| 300 | _a64 | ||
| 650 | _aPHARMACOGONOSY | ||
| 653 | _aPHYTOCHEMISTRY | ||
| 942 |
_2ddc _cBK _01 |
||
| 999 |
_c22924 _d22924 |
||